000
00306nam a2200121Ia 4500
008
190216s9999||||xx |||||||||||||| ||und||
100
_a
Thunjathu Ezhuthachan
245
0
_a
Adhythma Ramayanam Balakandam
260
_b
Vidyarthimithram
_c
1978
300
_a
104p
650
_a
Malayalam Kavitha
942
_c
BK
999
_c
25752
_d
25752